[Event "FRA-ch op-A"]
[Site "L'Alpe d'Huez"]
[Date "2023.08.22"]
[Round "4"]
[White "Gely, Yann"]
[Black "Rodriguez, Emmanuel"]
[Result "1-0"]
[WhiteElo "2117"]
[BlackElo "2076"]
[PlyCount "81"]
[EventDate "2023.08.19"]
[EventType "swiss"]
[EventRounds "9"]
[EventCountry "FRA"]
[SourceTitle "EXT 2024"]
[Source "ChessBase"]
[SourceDate "2023.10.10"]
[SourceVersion "1"]
[SourceVersionDate "2023.10.10"]
[SourceQuality "1"]

1. e4 e6 2. b3 d5 3. Bb2 Nc6 4. e5 d4 5. Nf3 Qd5 6. Qe2 b6 7. Qc4 Qxc4 8. Bxc4 Bb7 9. 0-0 0-0-0 10. a3 h6 11. b4 a6 12. d3 Nge7 13. Nbd2 g5 14. h3 g4 15. hxg4 Rg8 16. Rfe1 Rxg4 17. Ne4 Nf5 18. Nf6 Rg6 19. Nh5 Nce7 20. Kf1 b5 21. Bb3 Bg7 22. Re2 Rg8 23. Ne1 Nc6 24. Nf4 Rg4 25. Nxe6 Bxe5 26. Nc5 Ba8 27. Bxf7 Rf8 28. Be6+ Kd8 29. Nf3 Bd6 30. Bd5 Bxc5 31. bxc5 Nh4 32. Nxh4 Rxh4 33. g3 Rh5 34. Bg2 Rxc5 35. Rae1 Bb7 36. Bc1 Rf6 37. Re8+ Kd7 38. Bh3+ Kd6 39. Bf4+ Rxf4 40. R1e6+ Kd7 41. R6e7+ 1-0

[Event "Avoine op 34th"]
[Site "Avoine"]
[Date "2019.07.20"]
[Round "4"]
[White "Gely, Yann"]
[Black "Bournel, Antoine"]
[Result "1/2-1/2"]
[WhiteElo "2110"]
[BlackElo "2217"]
[PlyCount "155"]
[EventDate "2019.07.20"]
[EventType "swiss"]
[EventRounds "9"]
[EventCountry "FRA"]
[SourceTitle "EXT 2020"]
[Source "ChessBase"]
[SourceDate "2019.10.17"]
[SourceVersion "1"]
[SourceVersionDate "2019.10.17"]
[SourceQuality "1"]

1. e4 g6 2. d4 Bg7 3. Nc3 a6 4. a4 d6 5. Bc4 Nf6 6. Bb3 0-0 7. Nf3 Bg4 8. h3 Bxf3 9. Qxf3 Nc6 10. Be3 e5 11. dxe5 Nxe5 12. Qe2 Re8 13. 0-0 Nc6 14. Qf3 Qe7 15. Rfe1 Ne5 16. Qe2 Ned7 17. Qc4 c6 18. Bd4 Nh5 19. Bxg7 Kxg7 20. Rad1 Ne5 21. Qd4 Rad8 22. Qe3 Qf6 23. Ne2 g5 24. Nd4 Nf4 25. Nf5+ Kh8 26. Rd2 Rd7 27. Red1 Red8 28. h4 h6 29. g3 Ng4 30. Qd4 Ne5 31. Qe3 Ng4 32. Qc3 Qxc3 33. bxc3 Nh3+ 34. Kg2 Nhxf2 35. Rxf2 Nxf2 36. Kxf2 gxh4 37. gxh4 d5 38. exd5 cxd5 39. Nxh6 Kg7 40. Ng4 Rc7 41. Rd3 Rdc8 42. Rxd5 Rxc3 43. Rg5+ Kh7 44. Rf5 Kg6 45. Rf6+ Kh5 46. Ne3 Kxh4 47. Rxf7 R3c7 48. Rf3 Kg5 49. Nd5 Rxc2+ 50. Bxc2 Rxc2+ 51. Kg3 b5 52. axb5 axb5 53. Rb3 Rc5 54. Nc3 Kf5 55. Nxb5 Ke4 56. Kg4 Kd5 57. Rb1 Ke4 58. Nd6+ Ke5 59. Rd1 Rc6 60. Nf7+ Ke4 61. Re1+ Kd4 62. Kf5 Rc2 63. Rf1 Re2 64. Rd1+ Kc5 65. Ne5 Ra2 66. Nd7+ Kc4 67. Nf6 Re2 68. Ng4 Re8 69. Ne5+ Kc5 70. Ke4 Rh8 71. Rc1+ Kb5 72. Nf7 Rh7 73. Ne5 Rh8 74. Nf7 Rh7 75. Nd6+ Kb6 76. Ke5 Rh5+ 77. Nf5 Kb5 78. Ke4 1/2-1/2

[Event "Angers op 13th"]
[Site "Angers"]
[Date "2018.05.11"]
[Round "1"]
[White "Ljubotina, Lazo"]
[Black "Gely, Yann"]
[Result "0-1"]
[WhiteElo "1818"]
[BlackElo "2110"]
[PlyCount "142"]
[EventDate "2018.05.11"]
[EventType "swiss"]
[EventRounds "6"]
[EventCountry "FRA"]
[SourceTitle "CBM 184 Extra"]
[Source "ChessBase"]
[SourceDate "2018.06.28"]
[SourceVersion "1"]
[SourceVersionDate "2018.06.28"]
[SourceQuality "1"]

1. d4 Nf6 2. e3 g6 3. Bd3 Bg7 4. Ne2 0-0 5. 0-0 d6 6. b3 e5 7. Ng3 Bg4 8. f3 Be6 9. c4 exd4 10. exd4 Nh5 11. Bb2 Nxg3 12. hxg3 c5 13. Qd2 cxd4 14. Na3 Qb6 15. Kh2 Nc6 16. Nb5 Rfd8 17. a4 a6 18. a5 Qc5 19. Nc7 Rac8 20. Nxe6 fxe6 21. Rfe1 Qh5+ 22. Kg1 Ne5 23. Bxd4 Nxf3+ 24. gxf3 Bxd4+ 25. Kg2 Bxa1 26. Rxa1 d5 27. Qb4 Qe5 28. Re1 Qd4 29. Bf1 dxc4 30. Bxc4 Qd2+ 31. Qxd2 Rxd2+ 32. Kh3 Re8 33. Re5 Kf7 34. f4 Kf6 35. Kg4 h6 36. Kf3 g5 37. Ke3 Rd1 38. Kf3 gxf4 39. gxf4 Rd6 40. Rh5 Kg6 41. Re5 Kf6 42. Rh5 Rh8 43. Ke4 Rd1 44. Kf3 Rd7 45. Ke4 Re7 46. Kf3 e5 47. Ke4 exf4+ 48. Kxf4 Kg6 49. Rd5 Rf8+ 50. Kg4 h5+ 51. Kg3 Rh8 52. Rd6+ Kf5 53. Rd5+ Ke4 54. Rg5 h4+ 55. Kh3 Kd4 56. Rd5+ Kc3 57. Rd3+ Kb4 58. Rd5 Re3+ 59. Kh2 Rh7 60. Bd3 Rh6 61. Bc4 h3 62. Rd7 Rc3 63. Rxb7+ Kxa5 64. Re7 Rc2+ 65. Be2 Kb4 66. Re3 Rb2 67. Kh1 a5 68. Bd1 Rb1 69. Rd3 Rc6 70. Kh2 Rb2+ 71. Kh1 Rc1 0-1

[Event "FRA-ch U16 "]
[Site "Agen"]
[Date "2018.04.21"]
[Round "8"]
[White "Degraeve, Remy"]
[Black "Gely, Yann"]
[Result "1-0"]
[WhiteElo "2294"]
[BlackElo "2044"]
[PlyCount "83"]
[EventDate "2018.04.15"]
[EventType "swiss"]
[EventRounds "9"]
[EventCountry "FRA"]
[SourceTitle "EXT 2019"]
[Source "ChessBase"]
[SourceDate "2018.10.10"]
[SourceVersion "1"]
[SourceVersionDate "2018.10.10"]
[SourceQuality "1"]

1. d4 Nf6 2. c4 e6 3. Nc3 d5 4. cxd5 exd5 5. Bg5 Be7 6. e3 c6 7. Bd3 Nbd7 8. Nge2 Nf8 9. 0-0 Ne6 10. Bh4 0-0 11. Qc2 g6 12. Rad1 Ng7 13. f3 Re8 14. Kh1 Bf5 15. Bf2 Bxd3 16. Qxd3 Qc7 17. e4 dxe4 18. fxe4 Rad8 19. Qf3 Rf8 20. Bg3 Qc8 21. e5 Nd5 22. Nxd5 cxd5 23. Bf4 f5 24. Bh6 Rf7 25. Bxg7 Rxg7 26. Rc1 Qd7 27. Nf4 Bg5 28. Rc5 Bxf4 29. Qxf4 Qe6 30. h4 Rgd7 31. Rfc1 Qe7 32. R1c3 Kg7 33. h5 Rf8 34. hxg6 hxg6 35. Rh3 g5 36. Qh2 Qd8 37. Rh7+ Kg8 38. Rh8+ Kf7 39. Qh5+ Ke6 40. Qg6+ Ke7 41. Rh7+ Rf7 42. Qxf7# 1-0

[Event "Sautron op 16th"]
[Site "Sautron"]
[Date "2016.10.29"]
[Round "9.28"]
[White "Gely, Yann"]
[Black "Pellicer, Simon"]
[Result "1-0"]
[WhiteElo "1945"]
[BlackElo "1406"]
[PlyCount "99"]
[EventDate "2016.10.22"]
[EventType "swiss"]
[EventRounds "9"]
[EventCountry "FRA"]
[SourceTitle "EXT 2019"]
[Source "ChessBase"]
[SourceDate "2018.10.10"]
[SourceVersion "1"]
[SourceVersionDate "2018.10.10"]
[SourceQuality "1"]

1. e4 d5 2. exd5 Qxd5 3. Nf3 Bg4 4. Be2 Nf6 5. 0-0 e6 6. d4 Be7 7. c4 Qd8 8. h3 Bh5 9. Nc3 c6 10. Bf4 0-0 11. Rc1 Nbd7 12. d5 cxd5 13. cxd5 Bxf3 14. Bxf3 e5 15. Bg3 Bd6 16. Nb5 Ne8 17. Re1 f6 18. Re3 a6 19. Nxd6 Nxd6 20. Rec3 Nb6 21. Rc7 Rc8 22. Rxc8 Nbxc8 23. Qc2 Nb6 24. Qc7 Qxc7 25. Rxc7 Rc8 26. Rxc8+ Nbxc8 27. Bd1 Nf5 28. Bb3 Ncd6 29. Bh2 g5 30. g3 Kf7 31. f4 exf4 32. gxf4 h6 33. fxg5 hxg5 34. Kf2 Ke7 35. Ke1 Nd4 36. Bd1 f5 37. Kd2 Ne4+ 38. Ke3 Nb5 39. Bc2 Nbd6 40. Kd4 Nf2 41. Bxd6+ Kxd6 42. Bxf5 Nh1 43. Bc8 Kc7 44. Be6 Kd6 45. Ke3 Ng3 46. Kf3 Nh5 47. Kg4 Nf4 48. Kxg5 Nxe6+ 49. dxe6 Kxe6 50. Kg6 1-0

[Event "Sautron op 16th"]
[Site "Sautron"]
[Date "2016.10.23"]
[Round "2.16"]
[White "Shirazi, Kamran"]
[Black "Gely, Yann"]
[Result "1-0"]
[WhiteElo "2336"]
[BlackElo "1920"]
[PlyCount "55"]
[EventDate "2016.10.22"]
[EventType "swiss"]
[EventRounds "9"]
[EventCountry "FRA"]
[SourceTitle "EXT 2019"]
[Source "ChessBase"]
[SourceDate "2018.10.10"]
[SourceVersion "1"]
[SourceVersionDate "2018.10.10"]
[SourceQuality "1"]

1. e4 c5 2. d4 cxd4 3. c3 g6 4. cxd4 d5 5. exd5 Nf6 6. Nc3 Nxd5 7. Bc4 Nb6 8. Bb3 Bg7 9. d5 0-0 10. Be3 Na6 11. Nge2 Bd7 12. h4 h5 13. Nf4 Rc8 14. d6 Nc4 15. Nxg6 Bg4 16. dxe7 Qxd1+ 17. Rxd1 Rfe8 18. Rd8 Rcxd8 19. exd8Q Rxd8 20. Bg5 Rd7 21. f3 Be6 22. Nf4 Nxb2 23. Nxe6 Bxc3+ 24. Ke2 Rd3 25. Nd8 Rd7 26. Rc1 Ba5 27. Nxf7 Rxf7 28. Bf6 1-0

[Event "Avoine op 31st"]
[Site "Avoine"]
[Date "2016.07.26"]
[Round "4"]
[White "Gely, Yann"]
[Black "Merenciano, Alexandre"]
[Result "1-0"]
[WhiteElo "1832"]
[BlackElo "2189"]
[PlyCount "141"]
[EventDate "2016.07.23"]
[EventType "swiss"]
[EventRounds "9"]
[EventCountry "FRA"]
[SourceTitle "CBM 173 Extra"]
[Source "ChessBase"]
[SourceDate "2016.08.29"]
[SourceVersion "1"]
[SourceVersionDate "2016.08.29"]
[SourceQuality "1"]

1. e4 e6 2. d4 d5 3. exd5 exd5 4. Nf3 Bd6 5. c4 Nf6 6. Be2 dxc4 7. 0-0 0-0 8. h3 b5 9. a4 c6 10. Bg5 Nbd7 11. Nc3 Qb6 12. d5 b4 13. dxc6 Qxc6 14. Nb5 Be5 15. Rc1 c3 16. bxc3 Bxc3 17. Nfd4 Qc5 18. Bf3 Rb8 19. Bf4 Rb6 20. Ne2 Qf5 21. Bd6 Re8 22. Bc7 Rxb5 23. axb5 Ne4 24. Bxe4 Qxe4 25. Nxc3 bxc3 26. Re1 Qxe1+ 27. Qxe1 Rxe1+ 28. Rxe1 Nf6 29. Be5 Bd7 30. Bxc3 Bxb5 31. Bxf6 gxf6 32. Rd1 Kg7 33. f4 a6 34. Kf2 f5 35. Rd5 Kg6 36. Rd6+ f6 37. g4 h6 38. Kg3 Bc4 39. Kh4 Kf7 40. gxf5 Ke7 41. Rd4 Bb3 42. Rb4 Bc2 43. Rb7+ Kf8 44. Rb6 Kg7 45. Rxa6 Bxf5 46. Ra5 Kg6 47. Ra1 Bd3 48. Ra3 Be4 49. Kg4 Bf5+ 50. Kg3 Be6 51. Ra5 Bd7 52. h4 h5 53. Kf3 Bf5 54. Ke3 Bc2 55. Rb5 Bf5 56. Kd4 Bc2 57. Kc4 Be4 58. Rc5 Bf3 59. Kb5 Kf7 60. Kb6 Ke6 61. Kc7 Ke7 62. Rc3 Bg4 63. Re3+ Kf7 64. Kd6 Kg6 65. Re4 Kf5 66. Rb4 Bf3 67. Ke7 Kg4 68. Kxf6 Kxh4 69. f5+ Bg4 70. Ke7 Kg3 71. f6 1-0

[Event "Sautron op 15th"]
[Site "Sautron"]
[Date "2015.10.23"]
[Round "2.69"]
[White "Bedouin, Xavier"]
[Black "Gely, Yann"]
[Result "1-0"]
[WhiteElo "2334"]
[BlackElo "1897"]
[PlyCount "77"]
[EventDate "2015.10.24"]
[EventType "swiss"]
[EventRounds "9"]
[EventCountry "FRA"]
[SourceTitle "EXT 2019"]
[Source "ChessBase"]
[SourceDate "2018.10.10"]
[SourceVersion "1"]
[SourceVersionDate "2018.10.10"]
[SourceQuality "1"]

1. Nf3 c5 2. g3 g6 3. Bg2 Bg7 4. d4 cxd4 5. Nxd4 Nc6 6. Nb3 Nf6 7. Nc3 0-0 8. 0-0 d6 9. h3 Be6 10. Kh2 h5 11. e4 a5 12. a4 Bxb3 13. cxb3 Nd7 14. Re1 Nc5 15. Bf1 Qb6 16. Ra3 Nb4 17. Be3 Qc6 18. Bb5 Qc7 19. Kg2 Rac8 20. Ra1 Rfd8 21. Rc1 b6 22. Bg5 Qb7 23. Kh2 Ne6 24. Be3 Rc7 25. Bc4 Nc5 26. Bg5 Rdc8 27. Qd2 Nc6 28. Nd5 Rd7 29. Qe2 Nd4 30. Qd1 Nde6 31. Bd2 Bxb2 32. Bc3 Bxc1 33. Qxc1 Kh7 34. f4 Rg8 35. f5 Nf8 36. Qg5 Rg7 37. f6 Nfe6 38. Qe3 Rg8 39. fxe7 1-0

[Event "Sautron op 15th"]
[Site "Sautron"]
[Date "2015.10.23"]
[Round "3.85"]
[White "Gely, Yann"]
[Black "Noulet, Jeremy"]
[Result "0-1"]
[WhiteElo "1897"]
[BlackElo "1969"]
[PlyCount "40"]
[EventDate "2015.10.24"]
[EventType "swiss"]
[EventRounds "9"]
[EventCountry "FRA"]
[SourceTitle "EXT 2019"]
[Source "ChessBase"]
[SourceDate "2018.10.10"]
[SourceVersion "1"]
[SourceVersionDate "2018.10.10"]
[SourceQuality "1"]

1. e4 e5 2. Nf3 Nc6 3. Bc4 Bc5 4. c3 Nf6 5. d4 exd4 6. e5 d5 7. Bb5 Ne4 8. cxd4 Bb6 9. 0-0 0-0 10. Be3 Bg4 11. Bxc6 bxc6 12. Nbd2 f5 13. Nb3 f4 14. Bd2 Ng5 15. Kh1 Nxf3 16. gxf3 Bh3 17. Rg1 Qh4 18. Be1 Rf5 19. Qc2 Qh5 20. Nd2 Rg5 0-1

[Event "Avoine op 30th"]
[Site "Avoine"]
[Date "2015.07.20"]
[Round "3"]
[White "Lukasiewicz, Anna"]
[Black "Gely, Yann"]
[Result "1-0"]
[WhiteElo "2077"]
[BlackElo "1918"]
[PlyCount "47"]
[EventDate "2015.07.18"]
[EventType "swiss"]
[EventRounds "9"]
[EventCountry "FRA"]
[SourceTitle "EXT 2016"]
[Source "ChessBase"]
[SourceDate "2015.10.08"]
[SourceVersion "1"]
[SourceVersionDate "2015.10.08"]
[SourceQuality "1"]

1. e4 d6 2. d4 Nf6 3. Nc3 c6 4. h3 Qa5 5. Bd3 e5 6. Nf3 h6 7. 0-0 Be6 8. a3 Nbd7 9. b4 Qc7 10. Bb2 Be7 11. Ne2 b5 12. a4 bxa4 13. c4 exd4 14. Nfxd4 Nb6 15. Nxe6 fxe6 16. Nf4 e5 17. Ne6 Qd7 18. Nxg7+ Kf7 19. Nf5 Qe6 20. f4 Rag8 21. fxe5 dxe5 22. c5 Nc4 23. Bxc4 Qxc4 24. Nxe7 1-0

[Event "FRA-chT U16"]
[Site "Dieppe"]
[Date "2015.??.??"]
[Round "?"]
[White "Gely, Yann"]
[Black "Pham, Arthur"]
[Result "1-0"]
[WhiteElo "1798"]
[BlackElo "1841"]
[PlyCount "85"]
[EventDate "2015.05.??"]
[EventType "team-tourn"]
[EventRounds "6"]
[EventCountry "FRA"]
[SourceTitle "EXT 2016"]
[Source "ChessBase"]
[SourceDate "2015.10.08"]
[SourceVersion "1"]
[SourceVersionDate "2015.10.08"]
[SourceQuality "1"]

1. e4 c5 2. Nf3 d6 3. d4 cxd4 4. Qxd4 Nc6 5. Bb5 Bd7 6. Bxc6 Bxc6 7. Nc3 Nf6 8. Bg5 e6 9. Qd3 Be7 10. Nd4 Rc8 11. f4 0-0 12. 0-0-0 Qc7 13. g4 Rb8 14. Bxf6 Bxf6 15. g5 Be7 16. Rhg1 Rfc8 17. f5 e5 18. Nde2 Bf8 19. g6 h6 20. f6 fxg6 21. Rxg6 Be8 22. Rg2 g6 23. Ng3 Kh7 24. Qf3 Qf7 25. Rdg1 b5 26. Nd5 Qe6 27. Nf5 Bf7 28. Nh4 g5 29. Nf5 Qe8 30. h4 Bh5 31. Qf2 g4 32. Qxa7+ Kh8 33. Nxd6 Ra8 34. Qxa8 Rxc2+ 35. Rxc2 Qxa8 36. Rc8 Qa7 37. Rxf8+ Kh7 38. Rf1 Qc5+ 39. Kb1 Qxd6 40. Rc8 Bf7 41. Rc7 Kg8 42. Rfc1 Qe6 43. R1c6 1-0

[Event "Sautron op 14th"]
[Site "Sautron"]
[Date "2014.10.26"]
[Round "8"]
[White "Gely, Yann"]
[Black "Peric, Slavisa"]
[Result "0-1"]
[WhiteElo "1740"]
[BlackElo "2188"]
[PlyCount "54"]
[EventDate "2014.10.26"]
[EventType "swiss"]
[EventRounds "9"]
[EventCountry "FRA"]
[SourceTitle "EXT 2016"]
[Source "ChessBase"]
[SourceDate "2015.10.08"]
[SourceVersion "1"]
[SourceVersionDate "2015.10.08"]
[SourceQuality "1"]

1. e4 e6 2. d4 d5 3. e5 c5 4. c3 Nc6 5. Nf3 Bd7 6. Bd3 Rc8 7. 0-0 cxd4 8. cxd4 Nb4 9. Nc3 Nxd3 10. Qxd3 h6 11. Bd2 Ne7 12. Rfc1 a6 13. b4 Rc4 14. Nd1 Bb5 15. Qb3 Nc6 16. a4 Rxc1 17. Rxc1 Bc4 18. Qb2 b5 19. Ne3 Be7 20. axb5 Bxb5 21. Nc2 Qb6 22. Na3 0-0 23. Nxb5 Qxb5 24. Qc3 Nxb4 25. Rb1 a5 26. Qc7 Re8 27. Ra1 Bd8 0-1